000 00495nam a2200181 a 4500
001 000031643
005 20200930063055.0
008 110629s2001 dr c 000 0 spa d
020 _a9800779205
040 _aDO-SdBNP
_bspa
_cBNPHU
082 _axxxx
_bP836b, 2001
100 1 _aPortillo, Julio
_936545
245 1 0 _aBalcones de la ciudad primada /
_cJulio Portillo.
250 _a2a ed.
260 _aSanto Domingo :
_b[s.n.],
_c2001.
300 _a75 p. :
_bretrs. ;
_c30 cm.
049 _aBNPD
999 _c31135
_d31135